000 005400000a22001210004500
100 1 _aAlvarado, Ruth
245 1 0 _aLos derechos de igualdad : El acceso a la justicia en el Perú
300 _aVol.0, núm.66 (Mayo, 2006), Páginas 1-3
500 _aAbogada. Directora de Agape.
520 _aPaz y Esperanza es una organización cristiana en el Perú que promueve la justicia social defendiendo los derechos humanos de individuos y comunidades que están marginados o no tienen acceso a la justicia.
773 0 _tPaso a Paso
942 _cANA
999 _c61514
_d61514